טוען...
Kulapathikal
| מחבר ראשי: | |
|---|---|
| פורמט: | Printed Book |
| שפה: | Malayalam |
| יצא לאור: |
Sukapuram:
Vallathol Vidhyapeedam,
2006.
|
| LEADER | 00452nam a22001217a 4500 | ||
|---|---|---|---|
| 008 | 111204s9999 xx 000 0 mal d | ||
| 100 | |a Gopalakrishnan,K. | ||
| 245 | |a Kulapathikal |c /K Gopalakrishnan | ||
| 260 | |a Sukapuram: |b Vallathol Vidhyapeedam, |c 2006. | ||
| 300 | |a 176p. | ||
| 942 | |c BK | ||
| 999 | |c 229677 |d 229677 | ||
| 952 | |0 0 |1 0 |2 ddc |4 0 |6 850_920000000000000_8_GOP_K |7 0 |9 253886 |a MAL |b MAL |c ST1 |d 2012-03-08 |g 0.00 |l 0 |o 850.920 8 GOP/K |p MAL31957 |r 2012-03-08 |w 2012-03-08 |y BK | ||